| 000 | 01153cam a2200301 a 4500 | ||
|---|---|---|---|
| 999 |
_c127471 _d127471 |
||
| 001 | 486106 | ||
| 003 | ARRUPE | ||
| 005 | 20180124085911.0 | ||
| 008 | 860225s1983 gw 000 0 fre | ||
| 010 | _a 84149918 | ||
| 020 | _a3515039228 | ||
| 040 |
_aDLC _cDLC _dDLC |
||
| 041 | 1 | _afreger | |
| 043 |
_af-cg--- _af-ao--- |
||
| 050 | 0 | 0 |
_aGR357.8 _b.D5314 1983 |
| 100 |
_aFrobenius, Leo _925861 |
||
| 130 | 0 |
_aDichtkunst der Kassaiden. _lFrench. _938811 |
|
| 245 | 1 | 0 |
_aMythes et contes populaires des riverains du Kasaï / _c Leo Frobenius |
| 260 |
_aBonn: _bInter Nationes, _c1983. |
||
| 300 |
_axii, 326 p. ; _c24 cm. |
||
| 440 | 0 |
_aStudien zur Kulturkunde ; _v70. Bd. _938812 |
|
| 500 | _aTranslation of: Dichtkunst der Kassaiden. | ||
| 650 | 0 |
_aTales _zCongo (Democratic Republic) _938813 |
|
| 650 | 0 |
_aTales _zKasai River Valley (Angola and Congo) _938814 |
|
| 650 | 0 |
_aLegends _zCongo (Democratic Republic) _938815 |
|
| 650 | 0 |
_aLegends _zKasai River Valley (Angola and Congo) _938816 |
|
| 700 | 1 |
_aFrobenius, Leo, _d1873-1938. _925828 |
|
| 906 |
_a7 _bcbc _corignew _d4 _encip _f19 _gy-gencatlg |
||
| 942 |
_2lcc _cMONOGRAPH |
||